Organizational Behavior (Record no. 350021)

MARC details
000 -LEADER
fixed length control field 00487nam a2200181Ia 4500
008 - FIXED-LENGTH DATA ELEMENTS--GENERAL INFORMATION
fixed length control field 230718s9999 xx 000 0 und d
020 ## - INTERNATIONAL STANDARD BOOK NUMBER
International Standard Book Number 9789353067038
041 ## - LANGUAGE CODE
Language code of text/sound track or separate title eng
082 ## - DEWEY DECIMAL CLASSIFICATION NUMBER
Classification number 658.3
Item number ROB
100 ## - MAIN ENTRY--PERSONAL NAME
Personal name Robbins S.P.
245 ## - TITLE STATEMENT
Title Organizational Behavior
250 ## - EDITION STATEMENT
Edition statement 18th ed.
260 ## - PUBLICATION, DISTRIBUTION, ETC. (IMPRINT)
Date of publication, distribution, etc. 2019
Name of publisher, distributor, etc. Pearson
300 ## - PHYSICAL DESCRIPTION
Extent 740
365 ## - TRADE PRICE
Currency code Rs.
Price amount 949.00
700 ## - ADDED ENTRY--PERSONAL NAME
Personal name Robbins S.P.; Judge T.A. & Vohra N.
9 (RLIN) 106424
906 ## - LOCAL DATA ELEMENT F, LDF (RLIN)
d O:0652518-Aug-2019B:562306-Aug-2019
c BCOMP
b 1423.5
Holdings
Withdrawn status Lost status Damaged status Not for loan Home library Current library Date acquired Vendor Budget Code Cost, normal purchase price Bill number Total Checkouts Full call number Barcode Date last seen Discount Cost, replacement price Bill Date Koha item type Original Barcode
        Cummins College of Engineering for Women Pune Cummins College of Engineering for Women Pune 18/08/2019 Om Book Stall BCOMP 711.75 5623   658.3 CCEP-BK-61228 18/07/2023 1423.5 949.00 06/08/2019 Books 061228